000 00302nam a2200121Ia 4500
008 191201s2011 xx 000 0 und d
100 _aKELLY, S Graham
245 0 _aMechanical Vibrations Schaum's Outlines
260 _aN. Delhi
_bTMH
_c2011
300 _aMisc
650 _aB.Tech(ME)
942 _2ddc
_cBK
999 _c6130
_d6130